Greek and English Lexicon (Record no. 708)

MARC details
000 -LEADER
fixed length control field 00552nam a2200229 a 4500
020 ## - INTERNATIONAL STANDARD BOOK NUMBER
ISBN
082 00 - DEWEY DECIMAL CLASSIFICATION NUMBER
Classification number 220.3
Author Cutter ROB
100 ## - MAIN ENTRY--AUTHOR NAME
Author name Robinson, Edward
245 ## - TITLE STATEMENT
Title Greek and English Lexicon
260 ## - PUBLICATION, DISTRIBUTION, ETC. (IMPRINT)
Place of publication New York
Name of publisher Harper and Row
Year of publication 1883
300 ## - PHYSICAL DESCRIPTION
Number of Pages 803p
500 ## - GENERAL NOTE
General note includes index and biblioraphy
650 ## - SUBJECT ADDED ENTRY--TOPICAL TERM
Topical Term Bible-Dictionaries
942 ## - ADDED ENTRY ELEMENTS (KOHA)
Koha item type Books
700 1# -
-- Robinson, Edward
Holdings
Home library Current library Date acquired Cost, normal purchase price Full call number Accession Number Koha item type
Henry Martyn Institute Library Henry Martyn Institute Library 06/20/2007 500.00 220.3 ROB 1713 Archive Book
                   Copyright © 2026 | Henry Martyn Institute | Hyderabad | TS-500052 | INDIA | Implemented by hmi.edu.in
Hit-Count:

Powered by Koha